| 000 | 01153nam a2200205 u 4500 | ||
|---|---|---|---|
| 001 | 000790407 | ||
| 003 | AM-YeHGA | ||
| 005 | 20250617144137.0 | ||
| 008 | 110221s1984 ||| r 000 0 rus d | ||
| 040 | _aAM-YeHGA | ||
| 041 | 0 | _arus | |
| 245 | 0 | 0 |
_aПрофессионально-педагогическая направленность преподавания специальных дисциплин на музыкальных факультетах : _bМежвузовский сборник научных трудов / _cКазан. гос. пед. ин-т; Редкол.: Г.С. Кожевников и др. |
| 260 |
_aКазань : _bКГПИ, _c1984. |
||
| 300 | _a182 с. | ||
| 653 | 0 | _aПедагогические институты - Музыкально-педагогические факультеты - Организация преподавания | |
| 653 | 0 | _aУчителя музыки - Подготовка - Сборники | |
| 700 | 1 |
_aКожевников, Г.С. _eред. _4edt |
|
| 710 | 2 | _aКазанский государственный педагогический институт | |
| 090 | _c290158 | ||
| 999 |
_c288485 _d288485 |
||